Statistics for Sayings About Animals #3

Click here to take the quiz!

General Stats

  • This quiz has been taken 53,412 times
  • The average score is 15 of 20

Answer Stats

Cliche % Correct
Like a {fish} out of water
97%
It's raining cats and {dogs}
97%
Take the {bull} by the horns
96%
Wild {goose} chase
95%
There's more than one way to skin a {cat}
93%
The {bee}'s knees
89%
When the cat's away, the {mice} will play
88%
{Birds} of a feather flock together
87%
Get your {ducks} in a row
83%
Till the {cows} come home
83%
The straw that broke the {camel}'s back
81%
A {leopard} can't change his spots
78%
Like a {lamb} to slaughter
65%
Go {hog} wild
61%
Have a {monkey} on one's back
57%
{Bats} in the belfry
49%
A {chicken} in every pot
48%
Dog and {pony} show
43%
Jive {turkey}
42%
Don't change {horses} in mid-stream
35%

Score Distribution

Percentile by Number Answered

Percent of People with Each Score

Your Score History

You have not taken this quiz